[Event "Maia Cup 2019"]
[Site "Tbilisi"]
[Date "2019.09.06"]
[Round "6.4"]
[White "Pantsulaia, Levan"]
[Black "Gvetadze, Sofio"]
[Result "1/2-1/2"]
[WhiteElo "2603"]
[BlackElo "2297"]
[Annotator "TA"]
[PlyCount "121"]
[EventDate "2019.09.05"]
[EventType "swiss"]
[EventCountry "GEO"]
[SourceTitle "playchess.com"]
[Source "ChessBase"]
[SourceQuality "1"]

{[%evp 19,121,0,0,0,0,0,0,0,2,0,2,5,12,13,16,29,14,3,90,88,129,118,126,133,131,124,135,69,139,131,203,203,192,72,109,9,120,113,152,0,0,0,0,-131,-73,-502,-502,-908,-879,-879,-196,-839,-175,-171,-28,-28,48,-180,-194,-194,-159,-154,58,40,49,45,202,187,166,27,60,13,13,0,0,0,0,0,61,0,0,0,9,8,8,0,8,8,8,0,0,0,0,0,0,0,0,0,0,0,0,0,0,0]} 1. Nf3 d5 2. g3 Nf6 3. Bg2 c6 4. c4 g6 5. b3 Bg7 6. Bb2 O-O 7. d3 Nbd7 8. O-O Re8 9. Nbd2 e5 10. cxd5 cxd5 11. e4 {A11: English Opening: 1...c6} (11. Rc1 b6 12. Qc2 Ba6 13. b4 Bh6 14. Rfd1 Rc8 15. Qa4 Rxc1 16. Bxc1 Qc8 17. Nb3 Bf8 18. Bg5 Bb7 {1-0 (53) Kokarev,D (2624)-Ponkratov,P (2624) Khanty-Mansiysk 2014}) 11... dxe4 12. dxe4 b5 13. Qe2 Qb6 14. Rfc1 Bb7 15. Bf1 $146 ({Predecessor:} 15. Rc2 Nc5 16. Nxe5 Nfxe4 17. Nxe4 Nxe4 18. Nd7 Qe6 {1-0 (34) Kovacs,I (2201)-Laza,S (2036) Hungary 2014}) 15... Nc5 {[%cal Rc5e4]} 16. Qxb5 Nfxe4 17. Qxb6 axb6 18. Nc4 {[%cal Rb2e5]} Bh6 (18... b5 $11 {keeps the balance.} 19. Ncxe5 Nd7) 19. Rc2 $16 Nxg3 20. hxg3 Bxf3 21. Nxb6 Rab8 22. Rxc5 Rxb6 23. Bc4 (23. Rxe5 $16 Ra8 24. Re7) 23... Rf6 (23... Bg7 $14) 24. Re1 (24. Rxe5 $2 Rxe5 25. Bxe5 Rf5 $19) (24. Bxe5 $2 Rf5 $1 $19 {[%mdl 512]}) 24... Rf5 (24... Bf8 $16 25. Rcxe5 Rxe5 26. Rxe5 Rd6) 25. Rexe5 $18 Rfxe5 26. Bxe5 (26. Rxe5 $18 {and the rest is easy.} Rd8 27. Re1) 26... Bf8 27. Ra5 (27. Rb5 $16) 27... Rd8 (27... Bg7 $11 {remains equal.} 28. Bf4 Re1+ 29. Bf1 Bd4) 28. Kh2 $16 Rd2 29. Ra7 $2 (29. g4 $1 $16) 29... Rxf2+ $11 30. Kh3 {[%csl Ga7][%cal Rc4f7]} Bg2+ 31. Kh4 (31. Kh2 $11 Bc6+ 32. Kh3) 31... h6 (31... Rf5 $142 {Strongly threatening ...Rh5+.} 32. Bc3 Bd6) 32. g4 $2 {[%mdl 8192]} (32. Bd4 $17 {is a better chance.} Rf5 33. Rc7) 32... Rf3 $1 $19 {[%csl Gg2][%cal Rf3h3]} 33. g5 (33. Bxf7+ $142 Rxf7 34. Rxf7 Kxf7 35. Kg3) 33... Rh3+ 34. Kg4 h5+ 35. Kf4 Rf3+ $2 (35... Bc5 {[%csl Gh3][%cal Rc5e3]} 36. Bxf7+ Kf8 37. Bg7+ {[%mdl 64] Decoy} Kxg7 38. Bd5+ Bxa7 39. Bxg2 Bb8+ 40. Ke4 Rg3) 36. Ke4 Rxb3+ (36... Rf5+ $19 37. Kd4 h4) 37. Kd4 $11 Rf3 (37... Rb4 $11) 38. Bd5 $2 (38. Bf6 $14 {stays ahead.} Bb4 39. Bxf7+ {[%mdl 64] Double Attack} Kf8 40. Bxg6 Bc3+ 41. Kc5 Bxf6 42. Rf7+ {[%mdl 64] Double Attack} Kg8 43. gxf6 (43. Rxf6 Rxf6 44. gxf6 h4 $11)) 38... Rf2 $19 39. Bxg2 Rxg2 {[%mdl 4096] Endgame KRB-KRB} 40. Ra8 {[#]} Rg4+ $2 ({Stronger than} 40... Rxg5 41. Bd6 $14) ({Better is} 40... h4 $1 $17 {[%cal Rh4h3]} 41. Ke3 h3) 41. Ke3 Rxg5 42. Bd6 Rg2 $2 (42... h4 $14) 43. Bxf8 $18 {KRB-KR} ({Don't play} 43. Rxf8+ $6 Kg7 $16) 43... Kh7 {[#]} 44. Bd6 ({White has to play} 44. Kf3 $1 $18 {[%cal Rf3g2]} Rc2 45. Be7) 44... g5 45. a4 (45. Kf3 $5 {[%cal Rf3g2]} Rd2 46. Be7 $16) 45... h4 $1 46. Rc8 h3 47. Rc1 g4 48. a5 Ra2 (48... h2 $11 49. Bxh2 Rxh2) 49. Bc7 ({White should try} 49. Kf4 $1 $14) 49... Kg6 $11 {The position is equal.} 50. Kf4 Ra4+ 51. Kg3 f5 52. Rc6+ Kf7 53. Kh4 Ra3 54. Rc1 h2 {[%mdl 64] Decoy} 55. Bxh2 {Threatens to win with Bc7.} Rh3+ 56. Kg5 {Bc7 is the strong threat.} Rxh2 57. Ra1 g3 58. a6 {Hoping for a7.} g2 {( -> ...Rh1)} 59. a7 Rh8 60. Kxf5 Ra8 61. Ke4 {Accuracy: White = 49%, Black = 41%.} 1/2-1/2

[Event "Maia Cup 2019"]
[Site "Tbilisi"]
[Date "2019.09.06"]
[Round "6.5"]
[White "Mikadze, Miranda"]
[Black "Sanikidze, Tornike"]
[Result "1/2-1/2"]
[WhiteElo "2279"]
[BlackElo "2515"]
[Annotator "TA"]
[PlyCount "133"]
[EventDate "2019.09.05"]
[EventType "swiss"]
[EventCountry "GEO"]
[SourceTitle "playchess.com"]
[Source "ChessBase"]
[SourceQuality "1"]

{[%evp 9,133,54,54,24,52,30,45,12,20,13,12,0,17,-20,-16,-24,-18,-17,-31,-23,-10,-41,-32,-72,23,12,2,0,0,-46,-28,-45,-52,-94,-75,-67,-68,-75,-69,-87,-66,-84,-73,-169,-170,-156,-167,-204,0,0,0,0,0,0,0,0,25,35,32,8,8,8,8,8,25,27,54,47,131,0,0,0,0,0,0,0,0,0,0,0,0,0,0,0,0,0,0,0,0,0,0,0,0,0,0,0,0,0,0,0,0,0,0,0,0,0,0,0,0,0,0,0,0,0,0,0,0,0,0,0,0,0,0,-8,-8,-8]} 1. e4 d6 2. d4 g6 3. Nf3 Bg7 4. Be2 e6 5. O-O (5. c4 Nd7 6. Nc3 Ne7 7. Be3 h6 8. Qd2 b6 9. d5 e5 10. g4 Nf6 11. h3 g5 12. O-O-O Ng6 13. Bd3 Nf4 14. Bc2 Bd7 15. Bxf4 gxf4 {1-0 (75) Shimanov,A (2606)-Chigaev,M (2496) St Petersburg 2015}) 5... Ne7 6. Be3 {B06: Modern Defence} Nd7 7. c3 b6 8. Qc1 $146 {White is slightly better.} ({Predecessor:} 8. Qd2 h6 9. Ne1 Bb7 10. Bd3 e5 11. Na3 g5 12. f3 Ng6 13. g3 a6 {0-1 (36) Jager,L-Nagy,L (2009) Hungary 2006}) 8... Bb7 9. Bd3 h6 10. a4 a6 11. a5 b5 12. c4 bxc4 13. Qxc4 O-O 14. Nc3 d5 15. Qb3 Rb8 16. Qc2 Qc8 (16... c5 $17 17. dxc5 d4 18. Bxd4 Bxd4 19. Nxd4 Nxc5) 17. exd5 $11 Nxd5 18. Nxd5 Bxd5 19. Rac1 c5 20. Qe2 Qd8 21. dxc5 Rxb2 22. Rc2 Rxc2 23. Qxc2 Qxa5 24. Rc1 Rc8 25. Nd2 Bf8 26. Bxg6 (26. Be4 $17) 26... fxg6 $19 27. Qxg6+ Kh8 28. Bxh6 Bxh6 $2 (28... Rxc5 $19 29. Rb1 Qc3) 29. Qxh6+ $11 Kg8 30. Ne4 {[%mdl 64] [#] Decoy} Bxe4 31. Qxe6+ {[%mdl 64] Double Attack} Kf8 32. Qxd7 Qd8 33. Qg4 Bd5 34. Qf4+ Bf7 $1 35. Qh6+ Kg8 $132 {[%mdl 2048] Threatening ...Rxc5! Black is not keeping still} 36. Qxa6 Ra8 37. Qh6 {next c6 is good for White.} Qd5 38. c6 {Strongly threatening c7.} Rc8 {[#]} 39. c7 ({White should try} 39. h3 $1 $16 {aiming for Rc3.} Qe6 40. Qg5+ Qg6 41. Qxg6+ Bxg6 42. g4) 39... Rxc7 $1 {The position is equal.} 40. h3 Rxc1+ 41. Qxc1 Qe5 42. Qc8+ Kh7 43. Qc2+ Bg6 (43... Kg8 {feels hotter.} 44. Qc8+) 44. Qd2 Qc7 45. Qe3 Qd6 46. f4 Qd1+ 47. Kh2 Qd6 48. g4 Bd3 49. Kg3 Bg6 50. h4 Qd3 51. Qxd3 Bxd3 {[%mdl 4096] Endgame KB-K3P} 52. f5 Kh6 53. Kf4 Be2 54. g5+ Kg7 55. Ke5 Kf7 56. Kd6 Bg4 57. Ke5 {Black must now prevent g6+.} Be2 58. Kf4 Bd1 59. Ke5 Be2 60. g6+ Kg7 61. Ke6 Bg4 62. Ke5 {And now Kf4 would win.} Bd1 63. Ke6 {Threatens to win with Ke7.} Bg4 64. h5 Bxh5 65. f6+ Kxg6 66. f7 Kg7 67. Ke7 {Accuracy: White = 42%, Black = 76%.} 1/2-1/2

[Event "Maia Cup 2019"]
[Site "Tbilisi"]
[Date "2019.09.06"]
[Round "6.6"]
[White "Purtseladze, Maka"]
[Black "Jobava, Beglar"]
[Result "0-1"]
[WhiteElo "2274"]
[BlackElo "2438"]
[Annotator "NA"]
[PlyCount "66"]
[EventDate "2019.09.05"]
[EventType "swiss"]
[EventCountry "GEO"]
[SourceTitle "playchess.com"]
[Source "ChessBase"]
[SourceQuality "1"]
[TimeControl "900+10"]

1. d4 {[%emt 0:00:00]} Nf6 {[%emt 0:00:00]} 2. c4 {[%emt 0:00:00]} e6 {[%emt 0:00:00]} 3. Bg5 {[%emt 0:00:15]} h6 {[%emt 0:01:11]} 4. Bxf6 {[%emt 0:00:20]} Qxf6 {[%emt 0:00:04]} 5. e4 {[%emt 0:00:10]} Bb4+ {[%emt 0:01:07]} 6. Nc3 {[%emt 0:00:02]} e5 {[%emt 0:01:57]} 7. d5 {[%emt 0:02:49]} Bxc3+ {[%emt 0:00:31]} 8. bxc3 {[%emt 0:00:01]} Na6 {[%emt 0:01:10]} 9. g3 {[%emt 0:01:21]} Nc5 {[%emt 0:00:29]} 10. Bg2 {[%emt 0:00:02]} O-O {[%emt 0:01:53]} 11. Qe2 {[%emt 0:00:59]} d6 {[%emt 0:01:28]} 12. Nf3 {[%emt 0:04:21]} Qe7 {[%emt 0:01:33]} 13. Nh4 {[%emt 0:01:34]} g5 {[%emt 0:00:07]} 14. Nf5 {[%emt 0:00:08]} Bxf5 {[%emt 0:00:06]} 15. exf5 {[%emt 0:00:01]} Qf6 {[%emt 0:00:16]} 16. Be4 {[%emt 0:01:40]} Kg7 {[%emt 0:00:02]} 17. h4 {[%emt 0:00:13]} Rh8 {[%emt 0:00:05]} 18. Kf1 {[%emt 0:00:40]} Rag8 {[%emt 0:00:02]} 19. Rb1 {[%emt 0:00:22]} h5 {[%emt 0:01:04]} 20. hxg5 {[%emt 0:02:01]} Qxg5 {[%emt 0:00:03]} 21. Rh4 {[%emt 0:00:03]} Kf6 {[%emt 0:00:21]} 22. Re1 {[%emt 0:00:26]} Nxe4 {[%emt 0:00:53]} 23. Qxe4 {[%emt 0:00:21]} Qxf5 {[%emt 0:00:02]} 24. Qxf5+ {[%emt 0:00:44]} Kxf5 {[%emt 0:00:01]} 25. Ke2 {[%emt 0:00:16]} Rg4 {[%emt 0:00:34]} 26. Reh1 {[%emt 0:00:01]} Rxh4 {[%emt 0:00:19]} 27. Rxh4 {[%emt 0:00:00]} Kg5 {[%emt 0:00:39]} 28. Ke3 {[%emt 0:00:24]} f5 {[%emt 0:00:00]} 29. Rh1 {[%emt 0:00:14]} b6 {[%emt 0:01:30]} 30. a4 {[%emt 0:00:07]} h4 {[%emt 0:00:15]} 31. gxh4+ {[%emt 0:00:14]} Rxh4 {[%emt 0:00:01]} 32. Rg1+ {[%emt 0:00:01]} Rg4 {[%emt 0:00:03]} 33. Rh1 {[%emt 0:00:17]} Rxc4 {[%emt 0:00:06]} 0-1

[Event "Maia Cup 2019"]
[Site "Tbilisi"]
[Date "2019.09.06"]
[Round "7.1"]
[White "Maghalashvili, Davit"]
[Black "Fier, Alexandr"]
[Result "1-0"]
[WhiteElo "2500"]
[BlackElo "2549"]
[Annotator "TA"]
[PlyCount "61"]
[EventDate "2019.09.05"]
[EventType "swiss"]
[EventCountry "GEO"]
[SourceTitle "playchess.com"]
[Source "ChessBase"]
[SourceQuality "1"]

{[%evp 24,61,9,9,20,0,4,-13,0,-18,-4,-3,0,-19,-18,-32,-21,-25,0,0,0,0,0,0,0,0,0,0,873,846,1123,1098,1073,376,29995,29996,29996,29997,29998,29999]} 1. Nf3 d5 2. g3 g6 3. Bg2 Bg7 4. d4 Nf6 5. O-O O-O 6. c4 dxc4 7. Na3 c3 8. bxc3 c5 9. Ne5 Nc6 10. Nac4 Nd5 11. Bb2 Nxe5 12. Nxe5 Bxe5 13. dxe5 Nb6 {D77: Fianchetto Grünfeld: 6 0-0: Replies other than 6...c6} (13... Be6 14. Qc1 Qc7 15. Qg5 Nb6 16. Bc1 Rad8 17. a4 Rd7 18. h4 Nd5 19. c4 Nb6 20. Bf4 f6 21. exf6 exf6 {½-½ (45) Haznedaroglu,K (2426)-Nevednichy,V (2543) Rijeka 2011}) 14. Bc1 Qc7 15. Bf4 {And now e6! would win.} Be6 {The position is equal.} 16. h4 $146 ({Predecessor:} 16. Qb1 Rfd8 17. Rc1 Rd7 18. c4 Rad8 19. Qe4 Na4 20. h4 h5 21. a3 {1-0 (41) Silva Sanchez,C (2395)-Isaev,J (2440) Elista 1998}) 16... h5 17. Qc1 Nc4 18. Qc2 Rad8 19. Rfd1 b6 20. Rd3 Bf5 21. e6 Bxd3 22. exd3 Nd6 $1 23. exf7+ Kh7 24. Re1 Rxf7 25. Re5 {[#]} Rf5 $2 {[%mdl 8192] [#]} (25... Rxf4 $1 $11 {[%mdl 512]} 26. gxf4 Nf5) 26. Rxf5 $1 $18 gxf5 27. Qe2 e6 28. Qxe6 $2 (28. Qxh5+ Kg8 29. Qg5+ Kf8 30. Qf6+ Kg8 31. Be5) 28... Qd7 $2 (28... Qg7 $18 29. Bg5 Qf8 30. Bxd8 Qxd8) 29. Qh6+ {[%mdl 64] Double Attack. White mates.} Kg8 30. Bd5+ Nf7 31. Be5 {Accuracy: White = 67%, Black = 48%.} 1-0

[Event "Maia Cup 2019"]
[Site "Tbilisi"]
[Date "2019.09.06"]
[Round "7.2"]
[White "Quparadze, Giga"]
[Black "Jobava, Baadur"]
[Result "0-1"]
[WhiteElo "2462"]
[BlackElo "2617"]
[Annotator "TA"]
[PlyCount "78"]
[EventDate "2019.09.05"]
[EventType "swiss"]
[EventCountry "GEO"]
[SourceTitle "playchess.com"]
[Source "ChessBase"]
[SourceQuality "1"]

{[%evp 20,78,0,0,0,0,10,0,0,-4,3,-3,2,-24,-17,-18,7,0,28,33,27,34,21,27,21,0,76,9,33,15,12,0,36,0,88,0,0,0,-35,-67,-60,-175,-152,-266,-221,-233,-231,-229,-228,-204,-210,-210,-208,-205,0,0,0,-214,-209,-29998,-29999]} 1. e4 c6 2. d4 d5 3. Nc3 dxe4 4. Nxe4 Bf5 5. Ng3 Bg6 6. h4 h6 7. Nf3 Nd7 8. h5 Bh7 9. Bd3 Bxd3 10. Qxd3 e6 11. Bf4 Qa5+ {B19: Classical Caro-Kann: 4...Bf5 main line} 12. Bd2 Bb4 13. c3 Be7 {The position is equal.} 14. c4 Qa6 (14... Qc7 15. d5 cxd5 16. cxd5 Qd6 17. Qb5 Ngf6 18. dxe6 Qxe6+ 19. Kf1 {1-0 (64) Kokarev,D (2622)-Rozum,I (2586) Khanty-Mansiysk 2017}) 15. O-O Ngf6 16. Ne5 Rd8 {aiming for ...Nxe5.} 17. Qe2 O-O 18. Ng6 $146 ({Predecessor:} 18. Bc3 Rfe8 19. b3 {0-1 (41) Tan,M (2264)-Al Tamimi,H (2169) Amsterdam 2004}) 18... Rfe8 19. Nxe7+ Rxe7 20. Nf5 Ree8 21. Nd6 $36 {[%mdl 2048] Black is under pressure.} Rf8 22. Bb4 b6 (22... Qb6 $11 23. a3 Qc7) 23. Ba3 (23. Rfd1 $16) 23... c5 24. Rad1 Qa4 25. Qf3 Rb8 26. Rfe1 Rfd8 (26... cxd4 $11 27. Ne4 Rfe8) 27. Rd3 (27. dxc5 $1 $16 bxc5 28. Qe2) 27... cxd4 $15 28. Rxd4 b5 {[%cal Bb6b5,Bb5b4,Bb4a3][%mdl 32] Hoping for ...b4.} 29. Qc6 {And now Nxf7! would win.} Qa5 30. Re3 {[#]} (30. Red1 $15) 30... b4 $1 $19 {[%cal Rb4a3]} 31. Nxf7 (31. Nb7 $17 Rxb7 32. Qxb7 bxa3 33. b4) 31... bxa3 32. b4 Rxb4 {Threatens to win with ...Rb1+.} 33. Nxd8 Rb1+ ({Stronger than} 33... Qxd8 34. Qxe6+ Kh8 35. Qf7 $11) 34. Kh2 Qxh5+ ({Weaker is} 34... Qxd8 35. Qxe6+ Kh8 36. Rg3 $14) 35. Rh3 Qe5+ {[%mdl 1088] Double Attack. Black has strong compensation.} 36. Rg3 Qh5+ (36... Qxd4 37. Qxe6+ Kh7 38. Qf5+ Kg8 39. Qe6+ Kh7 40. Qf5+ {[%mdl 64] Double Attack} Kg8 41. Qe6+ $11) 37. Rh3 Qe5+ {[%mdl 64] Double Attack} 38. Rg3 {[#]} Rb6 $1 ({Inferior is} 38... Qxd4 39. Qxe6+ Kh7 40. Qf5+ {[%mdl 64] Double Attack} Kg8 41. Qe6+ Kh7 42. Qf5+ {[%mdl 64] Double Attack} Kg8 43. Qe6+ $11) 39. Rxd7 $2 (39. Qa8 $19 Rb8 40. Qxa7 Rxd8 41. Kg1) 39... Ng4+ $1 {[%mdl 64] Double Attack. Accuracy: White = 30%, Black = 62%.} 0-1

[Event "Maia Cup 2019"]
[Site "Tbilisi"]
[Date "2019.09.06"]
[Round "7.3"]
[White "Jobava, Beglar"]
[Black "Mikadze, Miranda"]
[Result "0-1"]
[WhiteElo "2438"]
[BlackElo "2279"]
[Annotator "RC"]
[PlyCount "70"]
[EventDate "2019.09.05"]
[EventType "swiss"]
[EventCountry "GEO"]
[SourceTitle "playchess.com"]
[Source "ChessBase"]
[SourceQuality "1"]
[TimeControl "900+10"]

1. d4 {[%emt 0:00:00]} d5 {[%emt 0:00:00]} 2. c4 {[%emt 0:00:00]} c6 {[%emt 0:00:00]} 3. cxd5 {[%emt 0:00:05]} cxd5 {[%emt 0:00:00]} 4. Nc3 {[%emt 0:00:05]} Nf6 {[%emt 0:00:00]} 5. Bf4 {[%emt 0:00:10]} Nc6 {[%emt 0:00:00]} 6. e3 {[%emt 0:00:08]} a6 {[%emt 0:00:13]} 7. h3 {[%emt 0:00:34]} Qb6 {[%emt 0:01:02]} 8. Bd3 {[%emt 0:02:56]} Qxb2 {[%emt 0:01:01]} 9. Nge2 {[%emt 0:00:03]} Nb4 {[%emt 0:00:42]} 10. O-O {[%emt 0:00:39]} Nxd3 {[%emt 0:00:02]} 11. Qxd3 {[%emt 0:00:04]} e6 {[%emt 0:00:17]} 12. Na4 {[%emt 0:02:50]} Qb4 {[%emt 0:00:25]} 13. Nec3 {[%emt 0:00:08]} Qa5 {[%emt 0:00:45]} 14. Nc5 {[%emt 0:04:15]} Be7 {[%emt 0:02:24]} 15. e4 {[%emt 0:02:05]} dxe4 {[%emt 0:00:58]} 16. N3xe4 {[%emt 0:00:13]} O-O {[%emt 0:00:16]} 17. Nxf6+ {[%emt 0:00:55]} Bxf6 {[%emt 0:00:06]} 18. Ne4 {[%emt 0:00:03]} Be7 {[%emt 0:00:17]} 19. Rfc1 {[%emt 0:00:13]} Qf5 {[%emt 0:00:16]} 20. Qe3 {[%emt 0:00:53]} b5 {[%emt 0:00:51]} 21. Rc7 {[%emt 0:00:11]} Bb4 {[%emt 0:01:23]} 22. Rac1 {[%emt 0:00:05]} Qd5 {[%emt 0:00:51]} 23. Nf6+ {[%emt 0:00:54]} gxf6 {[%emt 0:00:03]} 24. Qg3+ {[%emt 0:00:01]} Kh8 {[%emt 0:00:03]} 25. Bh6 {[%emt 0:00:01]} Rg8 {[%emt 0:00:29]} 26. Rxc8 {[%emt 0:00:01]} Bf8 {[%emt 0:00:28]} 27. Bxf8 {[%emt 0:01:15]} Rxg3 {[%emt 0:01:53]} 28. fxg3 {[%emt 0:00:02]} Rxc8 {[%emt 0:00:12]} 29. Rxc8 {[%emt 0:00:01]} h5 {[%emt 0:00:06]} 30. Bc5+ {[%emt 0:00:19]} Kg7 {[%emt 0:00:15]} 31. a3 {[%emt 0:00:01]} e5 {[%emt 0:00:31]} 32. dxe5 {[%emt 0:00:09]} fxe5 {[%emt 0:00:10]} 33. Bf8+ {[%emt 0:00:11]} Kg6 {[%emt 0:00:12]} 34. Be7 {[%emt 0:00:01]} Qd7 {[%emt 0:00:35]} 35. Rg8+ {[%emt 0:00:02]} Kh7 {[%emt 0:00:01]} 0-1

[Event "Maia Cup 2019"]
[Site "Tbilisi"]
[Date "2019.09.06"]
[Round "7.4"]
[White "Lomsadze, Davit"]
[Black "Pantsulaia, Levan"]
[Result "0-1"]
[WhiteElo "2304"]
[BlackElo "2603"]
[Annotator "TA"]
[PlyCount "34"]
[EventDate "2019.09.05"]
[EventType "swiss"]
[EventCountry "GEO"]
[SourceTitle "playchess.com"]
[Source "ChessBase"]
[SourceQuality "1"]

{[%evp 18,34,57,55,58,37,31,25,35,21,25,-76,-76,-56,-63,-299,-299,-295,-291]} 1. d4 Nf6 2. Nf3 c5 3. d5 g6 4. Nc3 Bg7 5. e4 O-O 6. Be2 d6 7. O-O Na6 8. h3 Nc7 9. a4 a6 10. Bf4 Rb8 {A43: Schmid Benoni} 11. a5 b5 12. axb6 Rxb6 {White has an edge.} 13. Ra2 Rb4 14. Nd2 (14. Bd2 $11 {remains equal.}) 14... Nfxd5 $17 15. Nxd5 Nxd5 {[%mdl 64] Pin} 16. c3 $146 {[#]} ({White should play} 16. exd5 $15 Rxf4 17. c3) ({Predecessor:} 16. Bh2 Rxb2 17. Rxb2 Nc3 18. Qe1 Nxe2+ 19. Qxe2 Bxb2 {0-1 (45) Danner,G (2385)-Horvath,J (2515) Budapest 1998}) 16... Rxb2 $1 $19 {[%mdl 576] Remove Defender} 17. Rxb2 Nxc3 ({Less strong is} 17... Nxf4 18. Rb3 $17) 0-1

[Event "Maia Cup 2019"]
[Site "Tbilisi"]
[Date "2019.09.06"]
[Round "7.5"]
[White "Gvetadze, Sofio"]
[Black "Arutinian, David"]
[Result "0-1"]
[WhiteElo "2297"]
[BlackElo "2551"]
[Annotator "TA"]
[PlyCount "110"]
[EventDate "2019.09.05"]
[EventType "swiss"]
[EventCountry "GEO"]
[SourceTitle "playchess.com"]
[Source "ChessBase"]
[SourceQuality "1"]

{[%evp 11,110,34,34,34,39,29,41,27,26,30,32,31,45,35,33,36,52,27,35,25,44,0,20,10,51,40,38,-7,42,-70,-70,-85,-93,-148,6,-28,-4,-34,0,0,11,-35,-20,-73,-88,-118,-93,-213,-212,-210,-97,-175,-170,-135,-164,-521,-545,-533,-543,-530,-550,-541,-520,-539,-527,-493,-490,-697,-480,-551,-550,-1680,-1678,-1939,-1941,-29986,-29987,-29984,-2767,-29974,-11177,-3842,-3097,-2093,-1269,-1224,-837,-29979,-29965,-4618,-2464,-29986,-29987,-29987,-29988,-29987,-29989,-29989,-29990,-29993,-29994]} 1. e4 g6 2. d4 Bg7 3. Nc3 d6 4. Be3 a6 5. Qd2 b5 6. a4 ({Predecessor:} 6. Bd3 Bb7 7. a4 b4 8. Nd1 a5 9. c3 Nf6 10. f3 bxc3 11. bxc3 O-O 12. Ne2 {1-0 (52) Bayer,B (2379)-Kreisl,R (2440) Bayern 2016}) 6... b4 7. Nd1 {B06: Modern Defence} Bb7 8. f3 a5 9. c3 {White is slightly better.} bxc3 10. bxc3 Nd7 11. Bd3 Ngf6 $146 (11... Nb6 12. Ne2 Bc6 13. Nb2 Nf6 14. Bh6 O-O {1-0 (35) Moiseenko,A (2692)-Petrosian,T (2625) Berlin 2015}) 12. Ne2 O-O 13. O-O c5 14. Nf2 Qc7 15. Rfb1 Rfb8 16. Ng3 Bc8 17. Bb5 Bb7 18. d5 Ba6 19. c4 Bxb5 20. axb5 ({Avoid the trap} 20. Rxb5 $2 Nxe4 $1 {[%mdl 512]} 21. Ngxe4 Bxa1 $19) ({White must play} 20. cxb5 $14 Nb6 21. Bh6) 20... Nb6 $1 $15 {Strongly threatening ...Nfd7.} 21. Qe2 Nfd7 $1 22. Ra2 (22. Bf4 $142) 22... a4 $2 (22... Ne5 $1 $17 23. Rc1 Qd7) 23. f4 a3 24. Nf1 Ra4 (24... Na4 $5 {[%cal Ra4c3]} 25. Nd1 Nb2 $15) 25. Nd2 e6 26. dxe6 fxe6 27. Qd3 (27. Nh3 $11 {remains equal.}) 27... Rba8 $17 28. Nd1 {[#]} d5 $1 {[%cal Rd5d4]} 29. exd5 (29. e5 $17 {was called for.}) 29... exd5 $19 30. cxd5 c4 (30... Qd6 $19 {has better winning chances.} 31. Qb3 Qxd5) 31. d6 (31. Rc1 $17 {was worth a try.}) 31... Qb8 $36 {[%mdl 2048] White is under strong pressure.} ({Stronger than} 31... cxd3 32. dxc7 Rc8 33. Rb3 $11) 32. Qc2 {Ne4 would now be nice for White.} Qxd6 33. Nc3 $2 (33. Ne4 Qe6 34. Ng5) 33... Bxc3 $1 34. Qxc3 Nd5 $1 {[%csl LRc3,LRf4][%cal Bb6d5,Bd5f6,Bf6g4][%mdl 96] Double Attack} 35. Qd4 c3 36. Nc4 Qe6 37. f5 gxf5 38. Bh6 {[%csl Gh6][%cal Rd4g7]} N5f6 ({Less strong is} 38... Qxh6 39. Qxd5+ Kh8 40. Qd3 $15) 39. Qf4 (39. Qxc3 $142 Rxc4 40. Qa1) 39... Ng4 40. Qg5+ Qg6 41. Qe7 Qxh6 42. h3 Rxc4 43. Qxd7 Qe3+ 44. Kh1 Rd4 (44... c2 $142 45. Qd5+ Kg7 46. Rxc2 Rxc2 47. Qd7+ Kh8 48. Qxf5 Rc1+ 49. Qf1 {[#]} Qf4 $1 {[%mdl 512]} 50. hxg4 Qxf1+ 51. Kh2 Rxb1 52. Kh3 Qf2 53. g5 Rh1+ 54. Kg4 Rh4#) 45. Qxf5 Rf8 46. Qh5 Nf2+ 47. Kh2 Ne4 {And now ...Qg3+ would win.} 48. Qg4+ Ng5 49. Qh5 Qf4+ 50. Kh1 Ne4 {( -> ...Ng3+)} 51. Kg1 Qe3+ {Black mates.} 52. Kh2 Qg3+ 53. Kh1 Qd3 54. Qg4+ Kh8 55. Rba1 Ng3+ {[%mdl 64] Discovered Attack. Accuracy: White = 20%, Black = 61%.} 0-1

[Event "Maia Cup 2019"]
[Site "Tbilisi"]
[Date "2019.09.06"]
[Round "7.6"]
[White "Sanikidze, Tornike"]
[Black "Petriashvili, Nikoloz"]
[Result "1-0"]
[WhiteElo "2515"]
[BlackElo "2441"]
[Annotator "TA"]
[PlyCount "87"]
[EventDate "2019.09.05"]
[EventType "swiss"]
[EventCountry "GEO"]
[SourceTitle "playchess.com"]
[Source "ChessBase"]
[SourceQuality "1"]

{[%evp 18,87,31,19,22,22,34,22,22,22,22,22,22,24,14,16,64,26,25,23,23,23,23,20,44,29,30,20,28,3,10,0,28,4,4,8,13,0,81,82,132,132,132,127,121,118,126,124,304,300,299,295,347,343,1183,1012,29962,29965,29965,29963,29967,29968,29968,5335,29986,29985,29985,29986,29986,29987,29987,29988]} 1. d4 d5 2. Nf3 Nf6 3. c4 c6 4. Nc3 g6 5. e3 Bg7 6. Be2 O-O 7. O-O Bg4 8. cxd5 cxd5 9. Qb3 b6 10. h3 Bc8 {D94: Grünfeld: 4 Nf3 Bg7 5 e3} 11. Ne5 Bb7 12. Bd2 Nc6 {The position is equal.} 13. Nxc6 Bxc6 14. Rac1 (14. Ba6 Qd7 15. Rac1 Bb7 16. Bb5 Qf5 17. Ne2 Rfc8 18. Bb4 {½-½ (90) Nakamura,H (2787)-Harikrishna,P (2763) chess.com INT 2016}) 14... Qd7 15. Rc2 $146 ({Predecessor:} 15. Bb5 Rfc8 16. Ba6 Bb7 17. Bb5 Qf5 18. Be2 {0-1 (32) Sanz Lopez,R (1932)-Cantin Zaborras,V (2123) Aragon 2013}) 15... Rfc8 16. Rfc1 Qb7 17. Qa3 {[#] Threatens to win with Ba6.} a6 18. Qb3 e6 19. Na4 Bxa4 20. Qxa4 b5 21. Qb3 Bf8 22. Ba5 Bd6 23. a4 Rxc2 24. Rxc2 Rb8 25. axb5 axb5 26. Bb4 Bxb4 27. Qxb4 Rc8 (27... Qa7 $11 {keeps the balance.}) 28. Qxb5 Qa8 29. Rxc8+ Qxc8 30. Qc5 $36 {[%mdl 2048] Black is under strong pressure.} Qb8 31. Qc1 Kg7 32. Bd3 Ne4 $2 {[#]} (32... Qb3 $16 {is a better defense.} 33. Qc2 Qxc2 34. Bxc2 Kf8) 33. Bxe4 $1 $18 dxe4 {[%mdl 4096] Endgame KQ-KQ} 34. Qc3 Kg8 35. b4 {[%cal Bb2b4,Bb4b5,Bb5b6,Bb6b7][%mdl 32]} Qb5 $2 (35... Kf8 36. Qc5+ Ke8 37. Qc6+ Kd8) 36. Qc5 Qe2 37. b5 Qe1+ 38. Kh2 Qxf2 39. b6 Qxe3 40. Qc7 (40. Qd6 $142 Qb3 41. Qc7 e5 42. b7 exd4 43. b8=Q+ Qxb8 44. Qxb8+ Kg7 45. Qe5+ {[%mdl 64] Double Attack} Kf8 46. Qxe4) 40... e5 41. Qb8+ {White mates.} Kg7 42. Qxe5+ f6 43. Qc7+ Kh6 44. b7 {Accuracy: White = 73%, Black = 37%.} 1-0